| 000 | 00836nam a2200265Ia 4500 | ||
|---|---|---|---|
| 005 | 20220316235412.0 | ||
| 008 | 121119s2003 ck a gr 000 j spa d | ||
| 020 | _a9589012825 | ||
| 041 | 0 | _aspa | |
| 100 | 1 |
_aCepeda Samudio, Álvaro, _d1926-1972 |
|
| 245 | 1 | 0 |
_aTodos estábamos a la espera _cÁlvaro Cepeda Samudio |
| 250 | _aTercera edición | ||
| 264 | 1 |
_aBogotá _bEl Áncora _c2003 |
|
| 300 |
_a134 páginas _bilustraciones _c21 cm |
||
| 336 |
_atexto _btxt _2rdacontent |
||
| 337 |
_asin mediación _bn _2rdamedia |
||
| 338 |
_avolumen _bnc _2rdacarrier |
||
| 650 | 1 | 4 |
_2LEMB _aCuentos colombianos _ySiglo XX |
| 650 | 1 | 4 |
_2LEMB _aLiteratura colombiana _ySiglo XX |
| 650 | 1 | 4 |
_2LEMB _aNostalgia _vCuentos |
| 650 | 1 | 4 |
_2LEMB _aRecuerdos _vCuentos |
| 942 |
_2loc _cBKLIT |
||
| 040 |
_aCO-BoRNBP _bspa _erda _cCO-BoRNBP |
||
| 084 | _aC CEP1 | ||
| 999 |
_c850 _d850 |
||